Thin Lizzy Albums - Statistics

General Stats
  • This quiz has been taken 59 times
  • The average score is 9 of 12
Answer Stats
Year Album Title % Correct
1976 Jailbreak
100%
1979 Black Rose: A Rock Legend
87%
1981 Renegade
81%
1980 Chinatown
79%
1975 Fighting
79%
1971 Thin Lizzy
79%
1976 Johnny the Fox
77%
1983 Thunder and LIghtning
72%
1977 Bad Reputation
70%
1974 Nightlife
55%
1973 Vagabonds of the Western World
49%
1972 Shades of a Blue Orphanage
40%
No matching quizzes found
Score Distribution
Percent of People with Each Score
Percentile by Number Answered
Your Score History
You have not taken this quiz